12 Sermons on the Prodigal son and other texts : (Record no. 17416)

000 -LEADER
fixed length control field 00657nam a2200193 a 4500
001 - CONTROL NUMBER
control field :::00021360$&:&@@
003 - CONTROL NUMBER IDENTIFIER
control field OkBaRHE
005 - DATE AND TIME OF LATEST TRANSACTION
control field 20080109130551.0
008 - FIXED-LENGTH DATA ELEMENTS--GENERAL INFORMATION
fixed length control field s1976 j 000 0 eng u
040 ## - CATALOGING SOURCE
Transcribing agency
100 1# - MAIN ENTRY--PERSONAL NAME
Personal name Spurgeon, Charles H.
245 10 - TITLE STATEMENT
Title 12 Sermons on the Prodigal son and other texts :
Remainder of title delivered in the Metropolis Tabernacle
260 ## - PUBLICATION, DISTRIBUTION, ETC. (IMPRINT)
Place of publication, distribution, etc Grand Rapids, Michigan
Name of publisher, distributor, etc Baker Book House
Date of publication, distribution, etc 1976
300 ## - PHYSICAL DESCRIPTION
Extent 133 p
490 0# - SERIES STATEMENT
Series statement 12 Sermons on the Prodigal Son
650 ## - SUBJECT ADDED ENTRY--TOPICAL TERM
Topical term or geographic name as entry element Jesus Parables-Prodigal Son -Luke 15
942 ## - ADDED ENTRY ELEMENTS (KOHA)
Source of classification or shelving scheme
Koha item type Books
Copies
Copy number Lost status Date last seen Price effective from Barcode Withdrawn status Koha item type Source of classification or shelving scheme Not for loan Permanent Location Shelving location Date acquired Full call number Damaged status
1 2010-04-142010-04-1421360 Books  RHEMA Bible Training CollegeGeneral Stacks2010-04-14BT 375 .S6